Maritime Container Port Security : (Record no. 2822)
[ view plain ]
| 000 -LEADER | |
|---|---|
| fixed length control field | 01871cam a22003135i 4500 |
| 006 - FIXED-LENGTH DATA ELEMENTS--ADDITIONAL MATERIAL CHARACTERISTICS--GENERAL INFORMATION | |
| fixed length control field | m |o go|ad |
| 007 - PHYSICAL DESCRIPTION FIXED FIELD--GENERAL INFORMATION | |
| fixed length control field | cr ||||||||||| |
| 008 - FIXED-LENGTH DATA ELEMENTS--GENERAL INFORMATION | |
| fixed length control field | 190201s2019 gw |||| o |||| 0|eng d |
| 020 ## - INTERNATIONAL STANDARD BOOK NUMBER | |
| International Standard Book Number | 9783030038250 (ebk) |
| 040 ## - CATALOGING SOURCE | |
| Original cataloging agency | IMU Kochi Library |
| Language of cataloging | eng |
| 041 0# - LANGUAGE CODE | |
| Language code of text/sound track or separate title | eng |
| 044 ## - COUNTRY OF PUBLISHING/PRODUCING ENTITY CODE | |
| MARC country code | Germany |
| 082 04 - DEWEY DECIMAL CLASSIFICATION NUMBER | |
| Classification number | 658.5 |
| Edition number | 23 |
| 100 1# - MAIN ENTRY--PERSONAL NAME | |
| Personal name | Zhang, Xufan, |
| 245 10 - TITLE STATEMENT | |
| Title | Maritime Container Port Security : |
| Sub Title | USA and European Perspectives / |
| 250 ## - EDITION STATEMENT | |
| Edition statement | 1st ed. 2019. |
| 264 #1 - Production, Publication, Distribution, Manufacture, and Copyright Notice | |
| Place of production, publication, distribution, manufacture | Cham : |
| Name of producer, publisher, distributor, manufacturer | Springer International Publishing : |
| -- | Imprint: Palgrave Macmillan, |
| Date of production, publication or copyright notice | 2019. |
| 300 ## - PHYSICAL DESCRIPTION | |
| Extent | 1 online resource (XIX, 282 pages 8 illustrations, 3 illustrations in color.) |
| 505 0# - FORMATTED CONTENTS NOTE | |
| Formatted contents note | Introduction -- Maritime Security Measures and the Container Security Initiative (CSI) -- Port Competition -- Models of Container Port Security -- Research Methodology for Container Port Security -- The Delphi Research Process -- The Delphi Results -- The Implications for Container Port Security -- Maritime Governance, Security Measures and Port -- Competition in the EU -- Conclusions for Container Port Security. |
| 520 ## - SUMMARY, ETC. | |
| Summary, etc | Placing special emphasis on the significant security issues associated with modern container international transport, this book provides in-depth exploration on both the US and European Union port and shipping policy, and that of wider international trade. The authors take an original and topical look at the security initiatives introduced by the USA and their impact in the EU. Based on original research by renowned experts in the field, this book provides vital insight for academics, government policy-makers and practitioners. |
| 650 #0 - SUBJECT ADDED ENTRY--TOPICAL TERM | |
| Topical term or geographic name as entry element | Business logistics. |
| 650 #0 - SUBJECT ADDED ENTRY--TOPICAL TERM | |
| Topical term or geographic name as entry element | Shipping. |
| 700 1# - ADDED ENTRY--PERSONAL NAME | |
| Personal name | Roe, Michael, |
| Relator term | Joint Author |
| 852 ## - LOCATION/CALL NUMBER | |
| Location | IMU Kochi Library |
| 856 ## - ELECTRONIC LOCATION AND ACCESS | |
| Uniform Resource Identifier | <a href="https://doi.org/10.1007/978-3-030-03825-0">https://doi.org/10.1007/978-3-030-03825-0</a> |
| 904 ## - LOCAL DATA ELEMENT D, LDD (RLIN) | |
| CATALOGER | Rudra Ranjan |
| 905 ## - LOCAL DATA ELEMENT E, LDE (RLIN) | |
| VERIFIER | Rudra Ranjan |
| 942 ## - ADDED ENTRY ELEMENTS (KOHA) | |
| Item type | E-Book |
No items available.